| 000 | 00715nam a2200205 i 4500 | ||
|---|---|---|---|
| 001 | 35359 | ||
| 003 | ES-MaACL | ||
| 005 | 20230906155119.0 | ||
| 007 | t| | ||
| 008 | 030212s1916 sp ||||1| spa d | ||
| 100 | 1 |
_aBosch Miralles, Antonio. _930663 |
|
| 245 | 1 | 0 |
_aCartilla con instrucciones sanitarias sobre la viruela ovina / _cAntonio Bosch Miralles. |
| 260 |
_aPalma de Mallorca : _b[s.n., _c1916?] ( _fImp. de J. Tous) |
||
| 300 |
_a28 p. ; _c16 cm. |
||
| 594 | _aPrecede al tít.: Consejo Provincial de Fomento de Baleares. | ||
| 650 | 0 | 4 |
_aGanado ovino- _xEnfermedades. _913027 |
| 710 | 2 |
_aConsejo Provincial de Fomento (Baleares) _9141640 |
|
| 852 |
_aES-MaACL _j1657-F-7 |
||
| 852 |
_aES-MaACL _j1650-F-4 |
||
| 999 |
_c35359 _d35359 |
||